[Event "XXXVIII Benasque Open 2018"]
[Site "Benasque"]
[Date "2018.07.11"]
[Round "7"]
[White "Iturrizaga Bonelli, Eduardo"]
[Black "Nasuta, Grzegorz"]
[Result "1-0"]
[WhiteElo "2652"]
[BlackElo "2491"]
[Annotator "ChessBase"]
[PlyCount "77"]
[EventDate "2018.07.05"]
[EventType "swiss"]
[EventCountry "ESP"]
[SourceTitle "playchess.com"]
[Source "ChessBase"]
[SourceQuality "1"]
[TimeControl "5400+30"]

1. c4 {[%emt 0:00:40]} e5 {[%emt 0:00:49]} 2. g3 {[%emt 0:00:05]} Nf6 {[%emt 0:00:16]} 3. Bg2 {[%emt 0:00:05]} d5 {[%emt 0:00:05]} 4. cxd5 {[%emt 0:00:04]} Nxd5 {[%emt 0:00:04]} 5. Nf3 {[%emt 0:00:05]} Nc6 {[%emt 0:01:35]} 6. O-O {[%emt 0:00:05]} Be7 {[%emt 0:03:57]} 7. d4 {[%emt 0:00:11]} e4 {[%emt 0:06:18]} 8. Ne5 {[%emt 0:01:45]} f5 {[%emt 0:01:11]} 9. Nxc6 {[%emt 0:00:06]} bxc6 {[%emt 0:00:05]} 10. Qc2 {[%emt 0:00:04]} Be6 {[%emt 0:27:37]} 11. Qxc6+ {[%emt 0:22:48]} Kf7 {[%emt 0:00:15]} 12. f3 {[%emt 0:00:03]} e3 {[%emt 0:17:39]} 13. Nc3 {[%emt 0:04:57]} Nb4 {[%emt 0:09:01]} 14. Qa4 {[%emt 0:02:02]} Qxd4 {[%emt 0:00:07]} 15. a3 {[%emt 0:03:35]} Bd7 {[%emt 0:08:36]} 16. Qd1 {[%emt 0:13:01]} Qxd1 {[%emt 0:04:02]} 17. Rxd1 {[%emt 0:00:05]} Nc2 {[%emt 0:00:04]} 18. Rxd7 {[%emt 0:01:52]} Nxa1 {[%emt 0:00:08]} 19. Nd5 {[%emt 0:00:37]} Rhe8 {[%emt 0:03:51]} 20. f4 {[%emt 0:08:46]} Rad8 {[%emt 0:02:24]} 21. Rxc7 {[%emt 0:00:06]} Rc8 {[%emt 0:00:06]} 22. Bxe3 {[%emt 0:00:03]} Rxc7 {[%emt 0:00:25]} 23. Nxc7 {[%emt 0:00:03]} Rc8 {[%emt 0:00:05]} 24. Bd5+ {[%emt 0:00:02]} Kg6 {[%emt 0:00:11]} 25. Ne6 {[%emt 0:00:03]} a5 {[%emt 0:02:48]} 26. Kf2 {[%emt 0:03:28]} Nc2 {[%emt 0:06:50]} 27. Bd2 {[%emt 0:01:53]} Bf6 {[%emt 0:00:33]} 28. Bxa5 {[%emt 0:08:05]} Bxb2 {[%emt 0:00:03]} 29. a4 {[%emt 0:00:33]} Bc3 {[%emt 0:01:18]} 30. Bb6 {[%emt 0:07:20]} Nb4 {[%emt 0:01:05]} 31. e4 {[%emt 0:02:44]} fxe4 {[%emt 0:01:38]} 32. Bxe4+ {[%emt 0:00:06]} Kf6 {[%emt 0:00:09]} 33. Ng5 {[%emt 0:05:35]} h6 {[%emt 0:01:04]} 34. Bb7 {[%emt 0:00:03]} Rb8 {[%emt 0:01:08]} 35. Ne4+ {[%emt 0:00:12]} Ke6 {[%emt 0:00:30]} 36. a5 {[%emt 0:01:44]} Kf7 {[%emt 0:01:30]} 37. Ba7 {[%emt 0:00:46]} Rd8 {[%emt 0:00:30]} 38. Nxc3 {[%emt 0:00:14]} Rd7 {[%emt 0:00:13]} 39. Nb5 {[%emt 0:00:25]} 1-0

[Event "XXXVIII Benasque Open 2018"]
[Site "Benasque"]
[Date "2018.07.11"]
[Round "7"]
[White "Prohaszka, Peter"]
[Black "Baklan, Vladimir"]
[Result "1-0"]
[WhiteElo "2610"]
[BlackElo "2595"]
[Annotator "TA"]
[PlyCount "219"]
[EventDate "2018.07.05"]
[EventType "swiss"]
[EventCountry "ESP"]
[SourceTitle "playchess.com"]
[Source "ChessBase"]
[SourceQuality "1"]

{[%evp 18,219,21,19,39,39,29,53,31,0,0,0,0,0,-4,-3,11,7,7,0,0,0,33,22,63,38,93,91,114,100,112,112,112,113,125,95,114,14,108,116,114,89,130,137,143,125,143,67,67,67,67,67,67,67,73,67,89,73,75,12,20,0,56,50,100,64,66,66,64,64,80,89,103,103,112,103,103,64,103,103,103,103,103,103,103,103,103,103,103,103,103,103,103,103,103,103,103,103,104,103,103,103,103,91,91,91,91,91,95,95,95,49,49,49,49,49,49,0,0,0,0,0,49,49,49,0,49,49,49,0,49,0,49,49,49,0,49,0,8,0,49,49,49,49,49,49,49,49,49,49,49,49,49,0,0,0,52,56,64,0,0,0,0,0,0,0,0,0,0,0,52,66,1228,1210,29966,29964,29960,29967,29967,29964,29961,29967,29966,29972,29970,29973,29978,448,29974,29975,29974,29977,29978,29979,29980,29981,29982,29981,29982,29982,29982,29983,29983,29984]} 1. d4 Nf6 2. c4 e6 3. Nf3 Bb4+ 4. Bd2 a5 5. g3 d5 6. Bg2 O-O 7. Qc2 Be7 {E11: Damenindisch (Bogoljubow-Variante)} 8. O-O Nbd7 9. Rd1 c6 10. Bf4 {LiveBook: 148 Partien} dxc4 11. Qxc4 Nd5 12. Bd2 b5 13. Qc2 {[#]} Bb7 $146 ({Vorgänger:} 13... b4 14. e4 N5f6 15. Bg5 {½-½ (78) Andersen,M (2504)-Gajewski,G (2646) Reykjavik 2016}) 14. Nc3 Rc8 15. Ne5 Nxe5 16. dxe5 Qc7 17. Nxd5 exd5 18. Bf4 g5 19. Bd2 Qxe5 20. Bxa5 b4 21. Qd2 c5 (21... Ba6 $14) 22. a3 $16 {[%cal Ra3b4]} Rb8 {Schwarz plant ...bxa3.} 23. axb4 d4 24. Bxb7 Rxb7 25. bxc5 Bxc5 26. Rac1 Rfb8 27. Rc2 (27. Qc2 $16 Rb5 28. b4) 27... Bb4 (27... Rb5 $1 $11 {bleibt in der Remisbreite.}) 28. Bxb4 Rxb4 29. Rdc1 h6 30. Rc8+ Kg7 {[#]} 31. Rxb8 $1 Qxb8 {[%mdl 4096] Endspiel KDT-KDT} 32. Rc2 ({Besser ist} 32. h4 $16) 32... Qb6 $14 33. Qc1 Qb5 34. Rd2 Rc4 35. Qb1 Qc6 {[#] Droht stark ...Tc1+.} 36. Qd3 $1 Kg8 37. Rd1 Rb4 38. Re1 ({Lieber} 38. Qa3 $16 Qc4 39. Qa8+ Kg7 40. Qe4) 38... Qb6 $11 39. e3 Rb3 (39... dxe3 $11 40. Rxe3 Rxb2) 40. Qxd4 $14 Rxb2 41. Qc3 Qb4 42. Qc8+ Kg7 43. Rd1 Rb1 44. Qc2 Rxd1+ 45. Qxd1 $16 {KD-KD} Qb5 46. Qd4+ f6 47. g4 Qb7 48. Qd3 Qc6 49. Qf5 Qc1+ 50. Kg2 Qc6+ 51. Qf3 Qd7 52. h4 gxh4 53. Kh3 Qc7 54. Qg2 (54. Qd5 {is interesting.} Kf8 55. Qe6 Kg7 56. Qe4 Qd6 57. Qb7+) 54... Qd7 55. Kxh4 Qe7 56. Kh3 Qd7 57. Qe4 Qc7 58. Kg2 Qd7 59. Kg3 Qc7+ 60. f4 Qd7 61. Qd4 Qc7 62. Kf3 Qb7+ 63. Qe4 Qd7 64. f5 Qd1+ 65. Kf2 Qd2+ 66. Kg3 Qe1+ 67. Kf4 Qf2+ 68. Qf3 Qh2+ 69. Qg3 Qe2 (69... Qd2 {feels hotter.} 70. Kf3 Qd1+ 71. Ke4 Qb1+ 72. Kf3 Qd1+) 70. Qg1 Qc4+ 71. Kg3 Qc7+ 72. Kh3 Qc3 73. Kh4 Qd2 74. Kh5 Qd6 75. Qg2 {Droht Db7+ und aus.} Qe7 76. Qg3 Qf7+ (76... Qb7 {seems wilder.} 77. Kh4 Qh1+ 78. Qh3 Qe4 79. Qg3 Qh1+) 77. Kh4 Qb7 78. Qf2 Qh1+ 79. Kg3 Qc1 80. Kg2 Qc4 81. Qf3 Qc2+ 82. Kh3 {Schwarz muss nun Db7+ beachten.} Qc7 83. Qe4 {Und weiter mit De8 wäre nett.} Qd7 84. Kg3 Qd6+ 85. Kg2 (85. Qf4 $5 {[%cal Rf4d6]} Qd2 86. Qc7+ Kf8 87. Qc5+ Kf7 88. Qa7+ Kf8 89. Qd4 Qe1+ 90. Kf4 Qf1+ 91. Ke4 Qb1+ 92. Kf4 Qf1+ 93. Ke4 Qb1+ 94. Kf4 Qf1+ $16) 85... Qd2+ $1 86. Kh3 {zielt auf De7+ ab.} Qd7 $1 87. Qf4 Qc6 88. e4 (88. Kg3 $14) 88... Qc3+ $11 89. Qg3 (89. Kg2 {keeps more tension.} Qd3 90. Kf2 Qc2+ 91. Kg1 Qd1+ 92. Kh2) 89... Qc1 90. Qf3 Qe1 91. Kg2 Qd2+ 92. Qf2 Qd7 93. Qc2 Qe7 ({Günstiger ist} 93... Qd6 $11) 94. Qc6 $14 Qa7 $2 {[%mdl 8192] [#]} (94... Qf7 $14) 95. e5 $1 $18 {[%mdl 512]} Qa2+ (95... fxe5 96. Qg6+) 96. Kh3 fxe5 97. Qg6+ Kf8 98. Qxh6+ Kf7 99. Qg6+ Kf8 100. Qf6+ Kg8 101. Qxe5 ({Nicht} 101. Qe6+ Qxe6 102. fxe6 Kf8 $11) 101... Qf2 102. Qg3 (102. f6 $142 Qf1+ 103. Kh4 Qh1+ 104. Kg5 Qc1+ 105. Kf5 Qf1+ 106. Qf4 Qb5+ 107. Kg6 Qd3+ 108. Qf5) 102... Qf1+ (102... Qd4 $18 103. Qb3+ Kg7) 103. Kh4 {Weiß setzt Matt.} Qh1+ 104. Kg5 Qc1+ 105. Qf4 Qc6 106. Qe5 Qb7 107. f6 Qd7 108. Qf5 Qc7 109. Qe6+ Kf8 {[#]} 110. Qe7+ $1 {Precision: Weiß = 61%, Schwarz = 49%.} 1-0

[Event "XXXVIII Benasque Open 2018"]
[Site "Benasque"]
[Date "2018.07.11"]
[Round "7"]
[White "Banusz, Tamas"]
[Black "Ubilava, Elizbar"]
[Result "1-0"]
[WhiteElo "2607"]
[BlackElo "2478"]
[Annotator "ChessBase"]
[PlyCount "81"]
[EventDate "2018.07.05"]
[EventType "swiss"]
[EventCountry "ESP"]
[SourceTitle "playchess.com"]
[Source "ChessBase"]
[SourceQuality "1"]
[TimeControl "5400+30"]

1. Nf3 {[%emt 0:05:44]} Nf6 {[%emt 0:00:02]} 2. c4 {[%emt 0:00:05]} d6 {[%emt 0:00:52]} 3. d4 {[%emt 0:00:13]} g6 {[%emt 0:00:12]} 4. g3 {[%emt 0:00:03]} Bg7 {[%emt 0:00:11]} 5. Bg2 {[%emt 0:00:06]} O-O {[%emt 0:00:08]} 6. Nc3 {[%emt 0:00:07]} Nbd7 {[%emt 0:00:14]} 7. O-O {[%emt 0:00:07]} e5 {[%emt 0:00:05]} 8. e4 {[%emt 0:00:16]} a6 {[%emt 0:00:19]} 9. Qc2 {[%emt 0:01:49]} c6 {[%emt 0:05:11]} 10. Rd1 {[%emt 0:04:58]} Qe7 {[%emt 0:01:27]} 11. h3 {[%emt 0:04:12]} b5 {[%emt 0:03:28]} 12. c5 {[%emt 0:08:34]} dxc5 {[%emt 0:01:20]} 13. dxe5 {[%emt 0:00:04]} Nxe5 {[%emt 0:00:47]} 14. Nxe5 {[%emt 0:00:04]} Qxe5 {[%emt 0:00:08]} 15. Bf4 {[%emt 0:00:29]} Qh5 {[%emt 0:03:33]} 16. e5 {[%emt 0:07:10]} Nd5 {[%emt 0:09:55]} 17. Nxd5 {[%emt 0:03:13]} cxd5 {[%emt 0:00:14]} 18. g4 {[%emt 0:00:22]} Qh4 {[%emt 0:00:17]} 19. Qxc5 {[%emt 0:04:20]} Be6 {[%emt 0:02:00]} 20. Qe3 {[%emt 0:00:23]} Qd8 {[%emt 0:02:18]} 21. Rd2 {[%emt 0:06:34]} Qa5 {[%emt 0:14:29]} 22. Bxd5 {[%emt 0:09:31]} Rad8 {[%emt 0:00:07]} 23. Bxe6 {[%emt 0:01:26]} fxe6 {[%emt 0:00:08]} 24. Rxd8 {[%emt 0:09:39]} Rxd8 {[%emt 0:00:25]} 25. a3 {[%emt 0:00:34]} Qa4 {[%emt 0:00:15]} 26. Rc1 {[%emt 0:01:10]} Qd4 {[%emt 0:08:12]} 27. Qxd4 {[%emt 0:07:56]} Rxd4 {[%emt 0:00:12]} 28. Be3 {[%emt 0:00:11]} Re4 {[%emt 0:25:46]} 29. b4 {[%emt 0:02:15]} Bxe5 {[%emt 0:03:02]} 30. Rc6 {[%emt 0:00:15]} Bd4 {[%emt 0:06:00]} 31. Bxd4 {[%emt 0:00:37]} Rxd4 {[%emt 0:00:05]} 32. Rxa6 {[%emt 0:00:20]} Kf7 {[%emt 0:03:43]} 33. Ra7+ {[%emt 0:01:42]} Kg8 {[%emt 0:01:01]} 34. Kg2 {[%emt 0:00:53]} h5 {[%emt 0:00:37]} 35. Kg3 {[%emt 0:05:15]} hxg4 {[%emt 0:01:54]} 36. hxg4 {[%emt 0:00:04]} g5 {[%emt 0:03:26]} 37. f3 {[%emt 0:01:29]} Rd3 {[%emt 0:02:22]} 38. Rb7 {[%emt 0:02:09]} Rd5 {[%emt 0:00:21]} 39. Kf2 {[%emt 0:00:31]} Kf8 {[%emt 0:01:07]} 40. Ke3 {[%emt 0:00:39]} Ke8 {[%emt 0:00:29]} 41. Rc7 {[%emt 0:00:44]} 1-0

[Event "XXXVIII Benasque Open 2018"]
[Site "Benasque"]
[Date "2018.07.11"]
[Round "7"]
[White "Chigaev, Maksim"]
[Black "Munguntuul, Batkhuyag"]
[Result "1-0"]
[WhiteElo "2582"]
[BlackElo "2417"]
[Annotator "RC"]
[PlyCount "101"]
[EventDate "2018.07.05"]
[EventType "swiss"]
[EventCountry "ESP"]
[SourceTitle "playchess.com"]
[Source "ChessBase"]
[SourceQuality "1"]
[TimeControl "5400+30"]

1. e4 {[%emt 0:00:00]} c5 {[%emt 0:00:00]} 2. Nf3 {[%emt 0:00:00]} e6 {[%emt 0:00:04]} 3. d4 {[%emt 0:00:00]} cxd4 {[%emt 0:00:07]} 4. Nxd4 {[%emt 0:00:00]} Nc6 {[%emt 0:00:12]} 5. Nc3 {[%emt 0:00:00]} Qc7 {[%emt 0:00:12]} 6. Be3 {[%emt 0:00:00]} a6 {[%emt 0:00:10]} 7. Qd2 {[%emt 0:00:03]} Nf6 {[%emt 0:00:08]} 8. O-O-O {[%emt 0:00:06]} Bb4 {[%emt 0:00:33]} 9. f3 {[%emt 0:00:06]} O-O {[%emt 0:00:09]} 10. a3 {[%emt 0:00:06]} Be7 {[%emt 0:00:20]} 11. g4 {[%emt 0:00:05]} b5 {[%emt 0:00:38]} 12. h4 {[%emt 0:00:09]} Bb7 {[%emt 0:18:55]} 13. h5 {[%emt 0:04:44]} Nxd4 {[%emt 0:03:33]} 14. Bxd4 {[%emt 0:05:33]} e5 {[%emt 0:02:15]} 15. Qh2 {[%emt 0:00:16]} Bd6 {[%emt 0:00:54]} 16. Be3 {[%emt 0:05:24]} Bxa3 {[%emt 0:04:25]} 17. Rd3 {[%emt 0:00:32]} Bc5 {[%emt 0:11:18]} 18. Bxc5 {[%emt 0:00:34]} Qxc5 {[%emt 0:00:02]} 19. g5 {[%emt 0:00:13]} Ne8 {[%emt 0:00:20]} 20. h6 {[%emt 0:02:41]} g6 {[%emt 0:00:36]} 21. Rxd7 {[%emt 0:00:36]} Bc6 {[%emt 0:04:23]} 22. Nd5 {[%emt 0:14:10]} Bxd5 {[%emt 0:03:04]} 23. Rxd5 {[%emt 0:00:28]} Qe3+ {[%emt 0:00:32]} 24. Qd2 {[%emt 0:00:08]} Qxf3 {[%emt 0:03:32]} 25. Bg2 {[%emt 0:00:08]} Qf4 {[%emt 0:00:33]} 26. Rf1 {[%emt 0:01:03]} Qxd2+ {[%emt 0:00:19]} 27. Kxd2 {[%emt 0:00:08]} Nc7 {[%emt 0:02:50]} 28. Rxe5 {[%emt 0:00:27]} Rfe8 {[%emt 0:00:45]} 29. Rxe8+ {[%emt 0:18:18]} Rxe8 {[%emt 0:00:28]} 30. Ke3 {[%emt 0:00:06]} Re5 {[%emt 0:08:41]} 31. Kf4 {[%emt 0:02:38]} Rc5 {[%emt 0:00:05]} 32. Bh3 {[%emt 0:00:03]} Rxc2 {[%emt 0:06:22]} 33. Rd1 {[%emt 0:04:09]} Kf8 {[%emt 0:00:18]} 34. b4 {[%emt 0:02:03]} Rc4 {[%emt 0:07:26]} 35. Ke5 {[%emt 0:06:45]} Ne8 {[%emt 0:00:37]} 36. Rd8 {[%emt 0:04:09]} Ke7 {[%emt 0:00:52]} 37. Rd7+ {[%emt 0:02:50]} Kf8 {[%emt 0:00:01]} 38. Ra7 {[%emt 0:01:02]} Nc7 {[%emt 0:00:40]} 39. Bc8 {[%emt 0:01:35]} Rc6 {[%emt 0:00:30]} 40. Bd7 {[%emt 0:02:42]} Rc1 {[%emt 0:00:33]} 41. Kd6 {[%emt 0:01:56]} Ne8+ {[%emt 0:00:40]} 42. Bxe8 {[%emt 0:00:05]} Rd1+ {[%emt 0:00:03]} 43. Ke5 {[%emt 0:00:11]} Kxe8 {[%emt 0:00:02]} 44. Kf6 {[%emt 0:00:07]} Rd4 {[%emt 0:13:15]} 45. Kg7 {[%emt 0:00:20]} Rxb4 {[%emt 0:04:16]} 46. Kxh7 {[%emt 0:00:15]} Kf8 {[%emt 0:00:04]} 47. Ra8+ {[%emt 0:00:11]} Ke7 {[%emt 0:00:01]} 48. Kg7 {[%emt 0:00:09]} Rxe4 {[%emt 0:00:09]} 49. h7 {[%emt 0:00:07]} Rh4 {[%emt 0:00:05]} 50. Rxa6 {[%emt 0:00:23]} b4 {[%emt 0:00:25]} 51. Rb6 {[%emt 0:00:16]} 1-0

[Event "XXXVIII Benasque Open 2018"]
[Site "Benasque"]
[Date "2018.07.11"]
[Round "7"]
[White "Vazquez Igarza, Renier"]
[Black "Plazuelo Pascual, Juan"]
[Result "1-0"]
[WhiteElo "2571"]
[BlackElo "2434"]
[Annotator "TA"]
[PlyCount "127"]
[EventDate "2018.07.05"]
[EventType "swiss"]
[EventCountry "ESP"]
[SourceTitle "playchess.com"]
[Source "ChessBase"]
[SourceQuality "1"]

{[%evp 12,127,25,8,26,36,47,45,47,47,47,47,47,40,43,42,56,47,51,52,56,44,44,32,36,40,61,53,63,35,54,47,39,35,44,20,27,37,27,37,28,0,0,0,0,0,0,0,0,0,0,0,0,0,0,0,0,0,0,0,0,0,0,0,0,0,0,0,0,0,0,0,0,0,0,0,0,0,0,0,0,0,0,0,0,0,0,0,0,0,0,0,0,0,0,0,0,0,0,0,0,0,0,0,0,0,12841,0,12841,12842,12842,12843,12843,12843,12844,12844,12845,12846]} 1. d4 Nf6 2. g3 d5 3. Nf3 c5 4. Bg2 cxd4 5. O-O Bd7 (5... e6 6. Nxd4 e5 7. Nb3 Be6 8. c4 Nc6 9. cxd5 Nxd5 10. N1d2 Be7 11. Ne4 b6 12. Nc3 Ndb4 13. Qxd8+ Rxd8 14. a3 Nd5 15. Nxd5 Bxd5 {1-0 (63) Berkes,F (2648)-Perunovic,M (2611) Zuerich 2017}) 6. Nxd4 {D02: 1 d4 d5 2 Nf3 sidelines, including 2...Nf6 3 g3 and 2...Nf6 3 Bf4} e5 7. Nb3 {LiveBook: 3 Games} Bc6 8. c4 {White has an edge.} Be7 9. cxd5 Bxd5 $146 ({Predecessor:} 9... Nxd5 10. e4 Nb4 11. Nc3 Qxd1 12. Rxd1 N8a6 13. Na5 {1-0 (28) Schoenberger,K (1865)-Turowski,P (1864) GER email 2013}) 10. Nc3 Bxg2 11. Qxd8+ Bxd8 12. Kxg2 Nc6 13. Rd1 O-O 14. Nc5 b6 15. Nd7 Re8 16. Nxf6+ Bxf6 17. Nd5 Red8 18. Be3 Ne7 19. Nxf6+ gxf6 20. Rac1 Nf5 21. Rxd8+ Rxd8 $14 {[%mdl 4096] Endgame KRB-KRN} 22. Kf3 Rd7 23. Ke4 Nxe3 24. Kxe3 $11 {KR-KR} f5 25. Rc8+ Kg7 26. b4 f4+ 27. gxf4 exf4+ 28. Kf3 Rd2 29. a3 Ra2 30. Rc7 Rxa3+ 31. Kxf4 Ra4 32. e4 Rxb4 33. Rxa7 Rb2 34. Kg3 b5 35. Rb7 b4 36. f4 b3 37. e5 Kg6 38. Rb6+ Kg7 39. h3 Rb1 40. Kg4 b2 41. Kf5 Rh1 42. Rxb2 {And now Rb7 would win.} Rxh3 43. Rb8 Ra3 44. Kg4 Ra4 45. Rb7 Kg6 46. Rb6+ Kg7 47. Rb8 h6 48. Kf5 Ra6 49. Rd8 Rb6 50. Kg4 Rb4 51. Rd7 Kg6 52. Rd6+ Kg7 53. Kf5 Ra4 54. Rd7 Ra6 55. Kg4 Rg6+ 56. Kf3 {Strongly threatening f5.} Ra6 57. f5 Kg8 58. f6 Ra4 $2 {[%mdl 8192] [#]} (58... Ra1 $11) 59. Rd8+ $1 $18 Kh7 60. e6 $1 {[%cal Re6f7] White is clearly winning.} Ra3+ 61. Ke2 Ra2+ 62. Kd1 Ra1+ 63. Kc2 fxe6 64. f7 {Precision: White = 78%, Black = 90%.} 1-0

[Event "XXXVIII Benasque Open 2018"]
[Site "Benasque"]
[Date "2018.07.11"]
[Round "7"]
[White "Kharitonov, Alexandr"]
[Black "Vocaturo, Daniele"]
[Result "1/2-1/2"]
[WhiteElo "2564"]
[BlackElo "2609"]
[Annotator "ChessBase"]
[PlyCount "57"]
[EventDate "2018.07.05"]
[EventType "swiss"]
[EventCountry "ESP"]
[SourceTitle "playchess.com"]
[Source "ChessBase"]
[SourceQuality "1"]
[TimeControl "5400+30"]

1. d4 {[%emt 0:00:50]} Nf6 {[%emt 0:00:00]} 2. c4 {[%emt 0:00:06]} e6 {[%emt 0:00:18]} 3. Nc3 {[%emt 0:00:24]} Bb4 {[%emt 0:00:48]} 4. Qc2 {[%emt 0:00:12]} O-O {[%emt 0:00:48]} 5. a3 {[%emt 0:00:18]} Bxc3+ {[%emt 0:00:08]} 6. Qxc3 {[%emt 0:00:07]} d5 {[%emt 0:00:48]} 7. Nf3 {[%emt 0:04:03]} dxc4 {[%emt 0:01:23]} 8. Qxc4 {[%emt 0:00:12]} b6 {[%emt 0:00:34]} 9. Bg5 {[%emt 0:00:37]} Ba6 {[%emt 0:00:53]} 10. Qa4 {[%emt 0:00:33]} c5 {[%emt 0:01:38]} 11. dxc5 {[%emt 0:00:58]} bxc5 {[%emt 0:03:36]} 12. Rc1 {[%emt 0:00:07]} Qb6 {[%emt 0:02:47]} 13. Bxf6 {[%emt 0:00:16]} gxf6 {[%emt 0:00:06]} 14. Rc2 {[%emt 0:00:36]} Rd8 {[%emt 0:09:58]} 15. e3 {[%emt 0:00:45]} Bxf1 {[%emt 0:00:15]} 16. Rxf1 {[%emt 0:00:07]} Nc6 {[%emt 0:01:46]} 17. Ke2 {[%emt 0:01:33]} Na5 {[%emt 0:05:08]} 18. b4 {[%emt 0:11:53]} cxb4 {[%emt 0:00:57]} 19. axb4 {[%emt 0:00:05]} Qd6 {[%emt 0:00:18]} 20. Rd2 {[%emt 0:02:50]} Qc6 {[%emt 0:00:14]} 21. Rxd8+ {[%emt 0:04:18]} Rxd8 {[%emt 0:00:11]} 22. Qxc6 {[%emt 0:00:03]} Nxc6 {[%emt 0:00:06]} 23. b5 {[%emt 0:00:04]} Ne7 {[%emt 0:00:32]} 24. Nd4 {[%emt 0:11:00]} Rd5 {[%emt 0:28:58]} 25. Rc1 {[%emt 0:14:48]} Nf5 {[%emt 0:02:56]} 26. Nxf5 {[%emt 0:08:54]} Rxf5 {[%emt 0:00:28]} 27. Rc8+ {[%emt 0:00:49]} Kg7 {[%emt 0:00:06]} 28. Rb8 {[%emt 0:00:04]} Rd5 {[%emt 0:00:45]} 29. Rb7 {[%emt 0:04:36]} 1/2-1/2

[Event "XXXVIII Benasque Open 2018"]
[Site "Benasque"]
[Date "2018.07.11"]
[Round "7"]
[White "Zoler, Dan"]
[Black "Lalic, Bogdan"]
[Result "1/2-1/2"]
[WhiteElo "2506"]
[BlackElo "2394"]
[Annotator "ChessBase"]
[PlyCount "48"]
[EventDate "2018.07.05"]
[EventType "swiss"]
[EventCountry "ESP"]
[SourceTitle "playchess.com"]
[Source "ChessBase"]
[SourceQuality "1"]
[TimeControl "5400+30"]

1. d4 {[%emt 0:00:00]} Nf6 {[%emt 0:01:38]} 2. c4 {[%emt 0:00:00]} g6 {[%emt 0:00:17]} 3. Nc3 {[%emt 0:00:00]} d5 {[%emt 0:00:07]} 4. e3 {[%emt 0:00:03]} Bg7 {[%emt 0:00:07]} 5. cxd5 {[%emt 0:00:14]} Nxd5 {[%emt 0:00:07]} 6. Nxd5 {[%emt 0:00:10]} Qxd5 {[%emt 0:00:07]} 7. Ne2 {[%emt 0:00:08]} O-O {[%emt 0:00:16]} 8. Nc3 {[%emt 0:00:09]} Qd6 {[%emt 0:00:25]} 9. Be2 {[%emt 0:00:10]} c6 {[%emt 0:01:12]} 10. O-O {[%emt 0:00:36]} Nd7 {[%emt 0:00:15]} 11. Ne4 {[%emt 0:03:44]} Qc7 {[%emt 0:01:06]} 12. Qc2 {[%emt 0:09:38]} Nf6 {[%emt 0:00:30]} 13. Nxf6+ {[%emt 0:05:33]} Bxf6 {[%emt 0:00:08]} 14. Bd2 {[%emt 0:00:09]} Rd8 {[%emt 0:01:42]} 15. Bf3 {[%emt 0:02:11]} Be6 {[%emt 0:05:41]} 16. Rac1 {[%emt 0:07:33]} Qb6 {[%emt 0:07:19]} 17. b4 {[%emt 0:03:20]} Bd5 {[%emt 0:00:45]} 18. Bg4 {[%emt 0:04:54]} Bg7 {[%emt 0:11:08]} 19. a4 {[%emt 0:07:00]} f5 {[%emt 0:00:17]} 20. Be2 {[%emt 0:01:41]} e5 {[%emt 0:00:15]} 21. dxe5 {[%emt 0:04:54]} Bxe5 {[%emt 0:00:06]} 22. Rfd1 {[%emt 0:03:26]} Qc7 {[%emt 0:00:31]} 23. f4 {[%emt 0:02:57]} Bg7 {[%emt 0:03:06]} 24. b5 {[%emt 0:14:09]} Qe7 {[%emt 0:00:46]} 1/2-1/2

[Event "XXXVIII Benasque Open 2018"]
[Site "Benasque"]
[Date "2018.07.11"]
[Round "7"]
[White "Castellanos Rodriguez, Renier"]
[Black "Kuzubov, Yuriy"]
[Result "1/2-1/2"]
[WhiteElo "2498"]
[BlackElo "2660"]
[Annotator "TA"]
[PlyCount "48"]
[EventDate "2018.07.05"]
[EventType "swiss"]
[EventCountry "ESP"]
[SourceTitle "playchess.com"]
[Source "ChessBase"]
[SourceQuality "1"]

{[%evp 14,48,0,-20,-20,-33,-14,-49,-48,-72,-50,-72,-15,-26,-32,-27,-24,-38,-61,-57,-34,-100,-97,-116,-88,-102,-85,-73,0,0,0,0,0,0,0,0,0]} 1. d4 Nf6 2. c4 e6 3. Nf3 d5 4. g3 Bb4+ 5. Bd2 Be7 6. Bg2 c6 7. Qb3 {E11: Bogo-Indian} (7. Qc2 O-O 8. O-O b6 9. Rd1 Nbd7 10. Bf4 Bb7 11. Ne5 Nh5 12. Bd2 Nhf6 13. cxd5 cxd5 14. Nc6 Bxc6 15. Qxc6 a6 16. a4 Rc8 17. Qb7 Nb8 18. Na3 Qc7 19. Qxc7 Rxc7 {½-½ (52) Cheparinov,I (2710)-Kuzubov,Y (2699) Riadh 2017}) 7... b6 {[%cal Bb7b6,Bb6b5][%mdl 32]} 8. O-O {LiveBook: 4 Games} dxc4 9. Qc2 O-O 10. Bf4 $146 ({Predecessor:} 10. a4 Bb7 11. Na3 c5 12. dxc5 Bxc5 13. Nxc4 Be4 14. Qb3 Nc6 {0-1 (38) Troff,K (2457)-Horvath,C (2515) Budapest 2013}) 10... b5 11. e4 a5 12. Nc3 Na6 ({Black should play} 12... Bb7 $17) 13. a3 $11 Bb7 14. Rad1 Re8 15. Rfe1 Qb6 16. e5 Nd5 17. Nxd5 (17. Bg5 $1 $15) 17... cxd5 $17 18. Ng5 Bxg5 (18... g6 {looks sharper.} 19. Qe2 b4 20. Be3 h6 21. Nf3 Kg7) 19. Bxg5 Nb8 20. Qe2 Nd7 (20... Nc6 $17 21. Be3 b4) 21. Qg4 $1 $11 {The position is equal.} Kh8 22. Qf4 Kg8 23. Qg4 Kh8 24. Qf4 Kg8 {Precision: White = 47%, Black = 61%.} 1/2-1/2

[Event "XXXVIII Benasque Open 2018"]
[Site "Benasque"]
[Date "2018.07.11"]
[Round "7"]
[White "Gascon Del Nogal, Jose Rafael"]
[Black "Zubov, Alexander"]
[Result "1/2-1/2"]
[WhiteElo "2458"]
[BlackElo "2611"]
[Annotator "TA"]
[PlyCount "30"]
[EventDate "2018.07.05"]
[EventType "swiss"]
[EventCountry "ESP"]
[SourceTitle "playchess.com"]
[Source "ChessBase"]
[SourceQuality "1"]

{[%evp 16,30,21,11,19,5,11,2,11,0,2,3,0,6,16,0,20]} 1. e4 g6 2. d4 Bg7 3. Nf3 c6 4. h3 d6 5. a4 Nf6 6. Nc3 O-O 7. Bd3 {B08: Pirc Defence: Classical System} (7. a5 d5 8. Bd3 c5 9. dxc5 dxe4 10. Nxe4 Nxe4 11. Bxe4 Na6 12. Qxd8 Rxd8 13. c6 bxc6 14. O-O Rb8 15. Be3 c5 16. Rad1 Rf8 17. b3 Rb5 18. Bg5 Bf6 19. Bh6 Bg7 20. Bg5 Bf6 21. Bh6 Bg7 {½-½ (21) Wan,Y (2500)-Andreikin,D (2702) China 2018}) 7... Nbd7 8. Be3 e5 9. dxe5 {LiveBook: 5 Games. The position is equal.} Nxe5 10. Nxe5 dxe5 11. Bc4 Qe7 12. Qf3 $146 ({Predecessor:} 12. O-O Nh5 13. Qc1 Bf6 14. a5 Ng7 {1-0 (42) Pulito,A (2258)-Pepino,E (2195) Torino 2013}) 12... Qb4 13. Bb3 Be6 14. Ra3 $1 Qe7 15. O-O Rfd8 1/2-1/2